000 00578nam a22001457a 4500
003 macl
005 20180415133600.0
008 180415b xxu||||| |||| 00| 0 eng d
040 _cmacl
100 _aकमलानन्‍द झा
_972039
245 _aराजा राधिका रमण प्रसाद सिंह की श्रेष्‍ठ कहानियां
260 _aनई दिल्‍ली
_bराष्‍ट्रीय पुस्‍तक न्‍यास
_c2009
650 _aकहानियां
_933092
942 _2ddc
_cHIN
999 _c57732
_d57732